LEADER 01383nam a2200313 a 4500 001 000000123955 003 CaOOAMICUS 005 20101215122004.0 008 101215t2010 it u000 u ita r 020 $a978-88-08-06557-5 040 $aPUL$bita 082 04$a346.45092 100 1 $aLuoni, Sergio.$0(OLS)http://pul/name/78180 245 10$aObbligazioni strumenti finanziari titoli di debito nelle società di capitali /$cSergio Luoni. 260 $aBologna :$bZanichelli,$c©2010. 300 $aXI, 478 p. ;$c25 cm. 490 1 $aStrumenti del diritto ;$v20 504 $aBibliografia : p. [457]-476. 650 4$aObbligazioni (diritto).$0(OLS)http://pul/subject/17087 650 4$aSocietà di capitali$xDiritto$zItalia.$0(OLS)http://pul/subject/35290 830 0$aStrumenti del diritto ;$v20.$0(OLS)http://pul/title/136502 850 $aPUL 852 $aPUL$W1$xSL Diritto e Scienze Sociali 3$y79$m346. 45092 LUOSE 1$j142825$qDDC 21$B141769$CPULBib$Z2$F141769 $H115258 $82 941 1 $a9 996 $6020$a978-88-08-06557-5$9(OLS)http://pul/number/146118 996 $6082$a346.45092$9(OLS)http://pul/classification/1799 996 $6245$aObbligazioni strumenti finanziari titoli di debito nelle società di capitali$9(OLS)http://pul/title/156271 996 $6260$aBologna :$bZanichelli$9(OLS)http://pul/publisher/48255 LEADER 01461nam a2200325 a 4500 001 000000148806 003 CaOOAMICUS 005 20160125135425.0 008 160125s1966 sz u000 u fre r 032 $aLibriCat 040 $aPUL$bita 041 1 $afre$hger 100 1 $aCullmann, Oscar,$d1902-1999.$0(OLS)http://pul/name/125 245 10$aChrist et le temps :$bcomplété par un examen rétrospectif, temps et histoire dans le christianisme primitif /$cOscar Cullmann. 250 $a2e éd. 260 $aNeuchâtel ;$aParis :$bDelachaux & Niestlé,$c©1966. 300 $aXVI, 182 p. ;$c24 cm. 490 1 $aBibliothèque théologique 500 $aComprende indici. 504 $aNote bibliografiche. 600 04$aIesus Christus$xStoricità.$0(OLS)http://pul/subject/8558 650 4$aChiesa$xStoria$yChiesa primitiva, ca. 30-600.$0(OLS)http://pul/subject/93 650 4$aStoria (teologia).$0(OLS)http://pul/subject/5257 830 0$aBibliothèque théologique.$0(OLS)http://pul/title/159 850 $aPUL 852 $aPUL$W1$xDP1 Fondo Bordoni$y120$m3 E 68$j166424$qFondi$B172975$CPULBib$Z2$F172975 $HBor1685 $81 941 1 $a1 996 $6245$aChrist et le temps :$bcomplété par un examen rétrospectif, temps et histoire dans le christianisme primitif$9(OLS)http://pul/title/187628 996 $6260$aNeuchâtel ;$aParis :$bDelachaux & Niestlé$9(OLS)http://pul/publisher/50450